|
|
|
|
| LEADER |
00000nam a22000007a 4500 |
| 005 |
2017122107457.0 |
| 007 |
cr|||| |||| |
| 008 |
171221s2007 mx |||||s|||| 00||0 spa d |
| 020 |
|
|
|a 978-970-701-990-4
|
| 035 |
|
|
|a 20917
|
| 040 |
|
|
|a vLex
|
| 090 |
|
|
|c 7328
|d 7328
|
| 100 |
1 |
|
|a Toledo, Ricardo Espinoza
|
| 245 |
1 |
0 |
|a Para qu ̌sirve el Poder Legislativo
|h [Recurso electrn̤ico] /
|c Ricardo Espinoza Toledo; Jeffrey Weldon
|
| 256 |
|
|
|a Servicio en ln̕ea
|
| 260 |
|
|
|a Ciudad de Mx̌ico:
|b Cm̀ara de Diputados,
|c 2007
|
| 300 |
|
|
|a 1 recurso electrn̤ico
|
| 506 |
1 |
|
|a Disponible solo en los productos indicados
|d vLex Global
|d vLex Global (Academic Edition, excluding Law Schools)
|d vLex Global (U.S. Academic Edition, Law Schools)
|d vLex Global (U.S. Academic Edition, excluding Law Schools)
|d vLex Global (Academic Edition, Law Schools)
|
| 650 |
0 |
4 |
|a Derecho Constitucional
|z Mx̌ico
|
| 700 |
1 |
|
|a Weldon, Jeffrey
|
| 740 |
0 |
|
|a vLex Libros (Servicio en le̕na)
|
| 856 |
4 |
0 |
|u http://vlex.com/source/para-que-sirve-el-poder-legislativo-20917
|z Acceso restringido
|
| 942 |
|
|
|c BOOK
|
| 999 |
0 |
|
|a Constitutional law
|